000 00279nam a22001337a 4500
008 170426b xxu||||| |||| 00| 0 eng d
020 _a0201250004
041 _aeng
080 _22ND
_a54
100 _a12
101 _aSHM
245 _aCHEMISTRY
_cWESLEY, A
942 _2udc
_cBK
999 _c12113
_d12113